| 000 | 00446nam a2200181Ia 4500 | ||
|---|---|---|---|
| 003 | OSt | ||
| 005 | 20230524163917.0 | ||
| 008 | 210423s2000 xx 000 0 und d | ||
| 040 | _cAL | ||
| 041 | _aeng | ||
| 082 |
_a303.4 _223 _bKUPS |
||
| 100 |
_aKUPPUSWAMY (B). _9113062 |
||
| 245 | _aSocial change in india. | ||
| 260 |
_bKonark Publication Pvt Ltd _c2000 |
||
| 365 |
_b125 _cINR |
||
| 906 | _achange ; india. ; Social | ||
| 942 |
_2ddc _cBK |
||
| 999 |
_c172972 _d172972 |
||